000 00508nam a2200193Ia 4500
005 20260429111943.0
008 260429s9999||||xx |||||||||||||| ||und||
020 _a9789391382766
041 _aEnglish
082 _a540
_bTRI
100 _aTrivedi, Sushma R.
245 0 _aEssentials of chemistry /
_cSushma R. Trivedi
250 _a1st ed.
260 _aNew Delhi :
_bSwastik Publications,
_c2025.
300 _axi, 189 p.; hb
650 _aChemistry
700 _a Trivedi, Tvisha R.
942 _cTB
999 _c51596
_d51596